LEADER 04793oam 2200541 c 450 001 9910958108403321 005 20260302090207.0 010 $a9783838276526$b(electronic bk.) 024 3 $a9783838276526 035 $a(MiAaPQ)EBC7024674 035 $a(Au-PeEL)EBL7024674 035 $a(CKB)24097014300041 035 $a(ibidem)9783838276526 035 $a(EXLCZ)9924097014300041 100 $a20260302d2022 uy 0 101 0 $aeng 135 $aurcnu|||||||| 181 $ctxt$2rdacontent 182 $cc$2rdamedia 183 $acr$2rdacarrier 200 10$aGlobally Mobile Intellectual Capital: Narratives of Corporate Executives & Families on the Move /$fShabih Zaidi 205 $a1st ed. 210 $aHannover$cibidem$d2022 215 $a1 online resource (153 pages) 311 08$aPrint version: Zaidi, Shabih Globally Mobile Intellectual Capital: Narratives of Corporate Executives & Families on the Move Berlin : Ibidem Verlag,c2022 327 $aIntro -- Abstract -- Profiles -- Table of Contents -- Chapter 1 : Introduction -- i. Research Question / Collection of Biographies -- ii. The Field and Biographical sample -- iii. Methodology: interviews, participant observation -- iv. Observing Oneself: Positionality -- v. Defining Corporate Mobility and Fieldwork -- vi. Mobility Factors -- vii. Framework -- Chapter 2 : Plug In / Plug Out -- i. Working Strategies -- ii. Working together -- iii. On the Personal Front -- iv. Affective Analysis -- v. Containing Perspectives -- vi. Conclusion -- Chapter 3 : Families on the Move -- i. Mobility Snapshots -- ii. Conclusion -- Chapter 4 : Intellectual Capital as Currency -- i. Language as Currency -- Conclusion -- Chapter 5 : Mobility Flows: Emotions -- Food, Rituals, Memory -- i. Affect Theory Unpacked -- ii. Sensorial Mobility -- iii. Emotional Capital -- iv. Emotions on the Move -- v. Conclusion -- Chapter 6 : Transnational Transformations -- i. Management Matters -- ii. Mobile Leaders -- iii. Success Factors -- iv. Conclusion -- Chapter 7 : Basel Topography & -- Features -- i. Imaginary of Basel -- ii. (Un)common Spaces -- iii. Conclusion -- Chapter 8: Basel is Unique - City Life -- i . Reality Bites -- ii. International School Bubble -- iii. (In)Visible Boundaries -- iv. Consuming Cosmopolitanism -- v. Conclusion -- Chapter 9: Mobility or Not? -- i. Dual Career Choices -- ii. Support Networks -- iii. Conclusion -- Chapter 10 : Swiss Spaces -- i. Gruezi! Greetings! -- ii. Permission, Please! -- iii. Integration Means? -- iv. Conclusion -- Chapter 11: Exploring 'I' -- i. Getting to know Basel -- ii. Learning By Doing -- iii. University Experience -- iv. What does this mean? -- v. Conclusion -- Chapter 12 : Sensorialscapes -- i. Linking Spatialities -- ii. Emotional Capital -- iii. Discomfort Explored -- iv. Conclusion. 327 $aChapter 13. Concluding Findings and Remarks -- 1. Mobility enhances career and personal trajectories -- 2. Intellectual Capital leads to Mobility and Mobility leads to Intellectual Capital -- 3. Emotional Capital Accumulation -- 4. Agency -- 5. Culture & -- Belonging -- 6. Loose Ends -- i. Complexity of Success -- ii. Mobility & -- Identity Markers -- iii. Globalisation, Self & -- Ethnography -- iv. PhD 2015 - Pandemic 2020 -- References. 330 $aThe pharmaceutical ecosystem in Basel, Switzerland, concentrates highly skilled professionals and their families into a small area, profoundly changing the local social landscape and transforming the lived experiences of those involved. Using a multidisciplinary approach to unpack the narratives of belonging at work and home, the author offers perspectives of self-discovery, personal growth, and corporate mobility. How can culture be understood, negotiated, and built through emotional capital and sensorial mobility? If you are looking to learn more about what to expect when moving as a family on international assignments or are keen to explore some typical aspects of life in Basel, the insights from this book will help you pick up strategies to start you on your journey. 606 $aAuslandsentsendung 606 $aBiografie 606 $aBiography 606 $aExpatriates 606 $aPharmaceutical Company 606 $aPharmazeutisches Unternehmen 615 4$aAuslandsentsendung 615 4$aBiografie 615 4$aBiography 615 4$aExpatriates 615 4$aPharmaceutical Company 615 4$aPharmazeutisches Unternehmen 676 $a303.482 700 $aZaidi$b Shabih$cDr.$4aut$01836987 801 0$bMiAaPQ 801 1$bMiAaPQ 801 2$bMiAaPQ 912 $a9910958108403321 996 $aGlobally Mobile Intellectual Capital: Narratives of Corporate Executives & Families on the Move$94415212 997 $aUNINA